|
|
|
|
| LEADER |
00769nas a2200181 i 4500 |
| 001 |
acta42252 |
| 005 |
20260224081030.0 |
| 008 |
170522s2010 hu o 000 hun d |
| 022 |
|
|
|a 1417-3875
|
| 040 |
|
|
|a SZTE Egyetemi Kiadványok Repozitórium
|b hun
|
| 041 |
|
|
|a hun
|
| 100 |
2 |
|
|a Carvalho dos Santos José Paulo
|
| 245 |
1 |
0 |
|a Existence results for a partial neutral integro-differential equation with state-dependent delay
|h [elektronikus dokumentum] /
|c Carvalho dos Santos José Paulo
|
| 260 |
|
|
|c 2010
|
| 300 |
|
|
|a 1-12
|
| 490 |
0 |
|
|a Electronic journal of qualitative theory of differential equations
|
| 695 |
|
|
|a Állapotfüggő késleltetésű integro-differenciálegyenletek
|
| 856 |
4 |
0 |
|u http://acta.bibl.u-szeged.hu/42252/1/ejqtde_2010_029_001-012.pdf
|z Dokumentum-elérés
|